000 01189nam0a2200325 4500
001 RU\NLR\bibl\961715
005 20250614204331.0
010 _a5-85684-622-2
_92000
035 _a(NLR Aleph) 000949742
090 _a272136
_c272136
100 _a20060623d2001 |||y0rusy50 ca
101 0 _arus
102 _aRU
105 _aa |||||||||
200 1 _aБешенство животных
_fК.Н. Груздев, В.В. Недосеков
210 _aМосква
_cАквариум
_cАквариум ЛТД
_d2001
215 _a303 с.
_cил.
_d21
225 1 _aПрактика ветеринарного врача
300 _aНа обл. авт. не указаны
320 _aБиблиогр.: с. 298-303 (93 назв.)
606 1 _aБешенство животных
_91148009
_3RU\NLR\auth\66139522
686 _aП873.212
700 1 _aГруздев
_bК. Н.
_gКонстантин Николаевич
_4070
701 1 _aНедосеков
_bВ. В.
_gВиталий Владимирович
_4070
801 0 _aRU
_bNLR
_c20060623
_grcr
801 1 _aRU
_bNLR
_c20060623
830 _aАвт. по кн.
942 _cBOOK
980 _aNB